Music Quiz

Random Music or Lyrics Quiz

Son of a Preacher Man Clicky-oke Quiz Stats

 Plays Quiz Updated Sep 3, 2017

Challenge
Share
Tweet
Embed
Score 0/27 Timer 04:00
0 Plays Today
% Correct
daddy would visit
94.3%
into my eyes
88.8%
teach me
88.1%
hard I try
84.9%
take me walkin'
84.2%
preacher's son
84.1%
sweet-talkin' to me
82.1%
started talkin'
82.1%
we'd go walkin'
80%
isn't always easy
79.6%
was in his eyes
78.7%
come along
78.5%
he was, ooh, yes he was
77.6%
son of a preacher man
77.6%
% Correct
again tonight?
76.4%
everything is alright
75.1%
everything is alright
74.6%
to my surprise
73%
we've grown
72.3%
from me on the sly
72.3%
preacher man
70.1%
each other's knowin'
69.6%
he's all mine
68.4%
sweet talkin' son of a preacher man
67%
reach me
67%
make time
66.6%
I guess he was the son of a preacher man!
62.6%

You're not logged in!

Compare scores with friends on all Sporcle quizzes.
Join for Free
OR
Log In

You Might Also Like...

Show Comments

Extras

Top Quizzes Today


Score Distribution

Your Account Isn't Verified!

In order to create a playlist on Sporcle, you need to verify the email address you used during registration. Go to your Sporcle Settings to finish the process.

Report this User

Report this user for behavior that violates our Community Guidelines.

Details: